Archipels du monde (superficie) - Statistiques

Statistiques générales
  • Ce quiz a été pris 271 fois
    249 depuis la dernière actualisation
  • Le résultat moyen est 3 sur 10
Statistiques - réponses
Superficie (km²) Archipel Continent % Correct
377 488 Japon Asie
88%
300 400 Philippines Asie
71%
528 200 Îles Britanniques Europe
37%
318 093 Polynésie Océanie
33%
235 830 Antilles Amérique du Nord
31%
852 695 Mélanésie Océanie
13%
73 753 Terre de Feu Amérique du Sud
12%
1 587 700 Îles de la Sonde Asie
9%
1 424 500 Arctique Canadien Amérique du Nord
7%
90 650 Nouvelle-Zemble Asie
2%
Aucun quiz correspondant
Distribution des résultats
% des personnes avec chaque résultat
Percentile par nombre de réponses
Votre historique - résultats
Vous n’avez pas pris ce quiz depuis la dernière actualisation